¿Es divisible la libertad? (Registro nro. 25465)

Detalles MARC
000 -LEADER
fixed length control field 00302 a2200109 4500
001 - CONTROL NUMBER
control field ART_11322
005 - DATE AND TIME OF LATEST TRANSACTION
control field 20260410161856.0
008 - FIXED-LENGTH DATA ELEMENTS--GENERAL INFORMATION
fixed length control field 260409a
100 1# - MAIN ENTRY--PERSONAL NAME
Personal name Tagle, Manuel
245 10 - TITLE STATEMENT
Title ¿Es divisible la libertad?
773 0# - HOST ITEM ENTRY
Title Revista de Economía
Related parts - Nº 33 (jun. 1982)
Record control number REV11077

No hay ítems disponibles.